Families and households : divisions and change
Αποθηκεύτηκε σε:
| Άλλοι συγγραφείς: | , |
|---|---|
| Μορφή: | Βιβλίο |
| Γλώσσα: | English |
| Δημοσίευση: |
Hampshire :
Macmillan Press,
c1992
|
| Σειρά: | Explorations in sociology ;
; 42 |
| Θέματα: | |
| Ετικέτες: |
Προσθήκη ετικέτας
Δεν υπάρχουν, Καταχωρήστε ετικέτα πρώτοι!
|
MARC
| LEADER | 00000nam a2200000 i 4500 | ||
|---|---|---|---|
| 001 | 1/26554 | ||
| 008 | 981217s1992 eng d | ||
| 020 | |a 0-333-63353-9 | ||
| 035 | |l 10037608 | ||
| 040 | |a GR-MY-UA |b gre |e aacr | ||
| 041 | 0 | |a eng | |
| 082 | 0 | |a 306.850941 | |
| 245 | 1 | 0 | |a Families and households : |b divisions and change / |c edited by Catherine Marsh and Sara Arber |
| 260 | |a Hampshire : |b Macmillan Press, |c c1992 | ||
| 300 | |a 217 p. | ||
| 490 | 1 | |a Explorations in sociology |v ; 42 | |
| 504 | |a Includes bibliographical references and indexes | ||
| 650 | 0 | 0 | |a Family |z Great Britain. |
| 650 | 0 | 0 | |a Households |z Great Britain. |
| 700 | 1 | |a Marsh, Catherine. |4 edt | |
| 700 | 1 | |a Arber, Sara |d 1949- |4 edt | |
| 830 | 0 | |a Explorations in sociology ; |v ; 42 | |
| 852 | |a INST |b LESVOS |e 19981217 |h 306.850941 FAM |p 005100017042 |q 005100017042 |t BK |y 0 | ||
| 901 | |a BIBL-1999-1 | ||
| 909 | |a Λ |b 060842 | ||
| 922 | |a 1ΕΛΗ |b 199811 |c ΚΠΣ/ΤΚ |d ΠΑΠΑΣΩΤΗΡΙΟΥ | ||
| 950 | |a 103-1998-07-27 | ||